[Event "Harplinge Mini Open"]
[Site "Tylosand"]
[Date "2015.05.15"]
[Round "6.4"]
[White "Bech Johansson, Amadeus"]
[Black "Sadiku, Lorik"]
[Result "0-1"]
[WhiteElo "1121"]
[BlackElo "1549"]

1.d4 d6 2.e4 g6 3.Bb5+ Bd7 4.Bxd7+ Nxd7 5.Bg5 Bg7 6.Nf3 f6 7.Be3 e5 8.d5 
Ne7 9.O-O O-O 10.Qd2 a6 11.Bh6 Nc5 12.Nc3 f5 13.Bxg7 Kxg7 14.Rfe1 b5 15.a3
h6 16.h3 g5 17.b4 Nb7 18.Qd1 c6 19.dxc6 Nxc6 20.exf5 Rxf5 21.Qd3 Ne7 22.
Nd5 Rf7 23.Nxe7 Qxe7 24.Qc3 Qc7 25.Qb3 Re8 26.Rac1 Qb6 27.Qc3 Kf8 28.Kf1 
Kg8 29.Qd3 Kg7 30.Qc3 Nd8 31.Kg1 Nc6 32.Qe3 Qxe3 33.Rxe3 Ref8 34.Rf1 Rf5 
35.Rd3 Rd8 36.Rfd1 Rf6 37.Rc3 d5 38.Nh2 d4 39.Rc5 e4 40.Ng4 Re6 41.Kf1 
Rdd6 42.Ke2 d3+ 43.cxd3 exd3+ 44.Kf3 Nd4+ 45.Kg3 d2 46.Rc7+ Kg6 47.Ne3 Nb3
48.Kh2 Nd4 49.Kh1 Nf5 50.Rc2 Nxe3 51.fxe3 Rxe3 52.Rcxd2 Rxd2 53.Rxd2 Rxa3 
54.Rd6+ Kh5 55.g4+ Kh4 56.Rxh6+ Kg3 0-1

[Event "Harplinge Mini Open"]
[Site "Tylosand"]
[Date "2015.05.15"]
[Round "6.6"]
[White "Wernberg, Hugo"]
[Black "Nylander, Lennart"]
[Result "0-1"]
[WhiteElo "1310"]
[BlackElo "1536"]

1.e4 e5 2.Nf3 Nc6 3.Bc4 d6 4.d3 Na5 5.Bb3 Nxb3 6.axb3 Nf6 7.Nc3 Be7 8.Be3 
b6 9.O-O O-O 10.Qd2 c6 11.Na4 Bg4 12.Qe2 Nd7 13.b4 f5 14.h3 fxe4 15.dxe4 
Be6 16.b3 b5 17.Nb2 a6 18.c4 h6 19.Qd2 Bxh3 20.Ra2 Rxf3 21.gxf3 Bxf1 22.
Kxf1 Kh7 23.Qc1 Qf8 24.Ke2 Nf6 25.Qa1 Qc8 26.Kd2 Nh5 27.Qh1 Nf4 28.Bxf4 
exf4 29.Qh2 g5 30.Qh5 Qe6 31.Kc3 Bf6+ 32.Kd3 Qg8 33.Qg4 Qg7 34.Qf5+ Kh8 
35.Nd1 Ba1 36.Qe6 Be5 37.Re2 bxc4+ 38.bxc4 Rb8 39.Re1 Rxb4 40.Rh1 Rb3+ 41.
Ke2 Kh7 42.c5 Ra3 43.cxd6 Qf6 44.Qxf6 Bxf6 45.d7 Rb3 46.e5 Be7 47.Re1 Kg6 
48.e6 Kf6 49.Kf1 a5 50.Re2 a4 51.Nb2 a3 52.Nc4 a2 53.Rxa2 Kxe6 54.Rd2 Bd8 
55.Na5 Bxa5 56.d8=Q Bxd8 57.Rxd8 Rxf3 58.Rh8 Rh3 59.Kg2 g4 60.Rg8 f3+ 61.
Kg1 Rh5 62.Rxg4 Rg5 63.Rxg5 hxg5 64.Kh2 g4 65.Kg3 Kf5 0-1

[Event "Deltalift Open"]
[Site "Tylosand"]
[Date "2015.05.15"]
[Round "6.1"]
[White "Smith, Axel"]
[Black "Sjodahl, Pontus"]
[Result "1/2-1/2"]
[WhiteElo "2454"]
[BlackElo "2411"]

1.d4 Nf6 2.c4 e6 3.Nf3 d5 4.Nc3 Bb4 5.Qb3 c5 6.dxc5 Nc6 7.Bg5 Qa5 8.Bxf6 
dxc4 9.Qxc4 gxf6 10.Rc1 Bxc5 11.a3 Be7 12.g3 e5 13.Bg2 Be6 14.Qh4 h5 15.
Qa4 Qxa4 16.Nxa4 f5 17.Nc5 e4 18.Nd2 h4 19.Rg1 hxg3 20.hxg3 O-O-O 21.Nxe6 
fxe6 22.e3 Kb8 23.Ke2 Ne5 24.Rc2 Bf6 25.f3 exf3+ 26.Nxf3 Rd7 27.Nxe5 Bxe5 
28.Kf3 Rg8 29.Bf1 Rd1 30.Rcg2 Kc7 31.b3 Kd6 32.Bc4 Rxg1 33.Rxg1 Rg4 34.Bd3
Ke7 35.e4 Kf6 36.exf5 exf5 37.Rg2 a6 38.a4 Rb4 39.Bc2 Rg4 40.Bd3 Rg7 41.g4
fxg4+ 42.Rxg4 Rxg4 43.Kxg4 a5 44.Kf3 b6 45.Be4 1/2-1/2

[Event "Deltalift Open"]
[Site "Tylosand"]
[Date "2015.05.15"]
[Round "6.2"]
[White "Akesson, Ralf"]
[Black "Hector, Jonny"]
[Result "0-1"]
[WhiteElo "2436"]
[BlackElo "2485"]

1.d4 d5 2.c4 c6 3.e3 Nf6 4.Nc3 Bf5 5.cxd5 cxd5 6.Qb3 Nc6 7.Qxb7 Bd7 8.Qb3 
Rb8 9.Qd1 e5 10.dxe5 Nxe5 11.Be2 Bd6 12.Nf3 O-O 13.O-O Qe7 14.Nxe5 Bxe5 
15.Bf3 Rfd8 16.Qc2 Rdc8 17.Rd1 Ne4 18.Rxd5 Nxc3 19.bxc3 Bc6 20.Rd3 Bxf3 
21.gxf3 Qg5+ 22.Kf1 Bxh2 23.Rb1 h5 24.Rxb8 Rxb8 25.e4 Qg1+ 26.Ke2 Bc7 27.
Qd1 Qg6 28.Qa4 Rb1 29.Qc2 Qb6 30.c4 Bf4 31.c5 Qb5 32.Ba3 h4 33.c6 Bc7 34.
Ke3 Re1+ 0-1

[Event "Deltalift Open"]
[Site "Tylosand"]
[Date "2015.05.15"]
[Round "6.3"]
[White "Johansson, Linus"]
[Black "Rosberg, Simon"]
[Result "1/2-1/2"]
[WhiteElo "2389"]
[BlackElo "2262"]

1.e4 c5 2.Nf3 Nc6 3.Bb5 e6 4.O-O Nge7 5.Re1 a6 6.Bf1 d5 7.exd5 Nxd5 8.d4 
Nf6 9.Be3 cxd4 10.Nxd4 Nxd4 11.Qxd4 Qxd4 12.Bxd4 Bd7 13.Nd2 Be7 14.Nc4 O-O
15.Ne5 Rfd8 16.Nxd7 Nxd7 17.g3 Rac8 18.c3 Bc5 19.Rad1 Bxd4 20.Rxd4 Nb8 21.
Red1 Nc6 22.Rd7 Kf8 23.Be2 Rxd7 24.Rxd7 Nd8 25.Bf3 Ke8 26.Rd4 Nc6 27.Ra4 
Rc7 28.Kf1 Ke7 29.Ke2 f5 30.Bxc6 Rxc6 31.Rb4 b6 32.f4 Kf6 33.Rd4 e5 34.
fxe5+ Kxe5 35.Rd7 Rh6 36.h4 f4 37.Kf3 fxg3 38.Kxg3 Rg6+ 39.Kf3 h6 40.Ra7 
a5 41.b4 axb4 42.cxb4 Kd4 43.Rc7 Rf6+ 44.Kg4 Rg6+ 45.Kh5 Rg2 46.Rb7 g5 47.
hxg5 hxg5 48.a4 Ra2 49.Rxb6 Rxa4 50.Kxg5 1/2-1/2

[Event "Deltalift Open"]
[Site "Tylosand"]
[Date "2015.05.15"]
[Round "6.4"]
[White "Berg, Emanuel"]
[Black "Westerberg, Jonathan"]
[Result "1-0"]
[WhiteElo "2553"]
[BlackElo "2447"]

1.e4 c5 2.c3 Nf6 3.e5 Nd5 4.d4 cxd4 5.Nf3 Nc6 6.Bc4 Nb6 7.Bb3 d5 8.exd6 
Qxd6 9.O-O Be6 10.Na3 dxc3 11.Bxe6 Qxd1 12.Rxd1 fxe6 13.bxc3 Na4 14.Nb5 
Rc8 15.Bf4 e5 16.Nxe5 a6 17.Nxc6 Rxc6 18.Nd4 Rc4 19.Ne6 Kf7 20.Nd8+ Ke8 
21.Ne6 Kf7 22.Ng5+ Kf6 23.Rd4 Rxd4 24.cxd4 h6 25.Nf3 Nc3 26.Bd2 Nd5 27.Rb1
b6 28.Ne5 g5 29.Nd7+ Kf7 30.Nxb6 Nxb6 31.Rxb6 Bg7 32.Rxa6 Bxd4 33.Kf1 Rb8 
34.Ra4 Bc5 35.Rc4 Rb2 36.Rxc5 Rxd2 37.Ra5 g4 38.g3 Kg6 39.Ra8 h5 40.Ke1 
Rb2 41.a4 Ra2 42.a5 Ra1+ 43.Kd2 Ra2+ 44.Ke3 Ra3+ 45.Kd4 Ra2 46.a6 Kg7 47.
Ke3 Ra3+ 48.Kf4 Rf3+ 49.Kg5 Rxf2 50.Re8 Ra2 51.Rxe7+ Kf8 52.Ra7 Ra5+ 53.
Kf6 Kg8 54.Kg6 Kf8 55.Ra8+ Ke7 56.a7 1-0

[Event "Deltalift Open"]
[Site "Tylosand"]
[Date "2015.05.15"]
[Round "6.5"]
[White "Hillarp Persson, Tiger"]
[Black "Angskog, Kent"]
[Result "1-0"]
[WhiteElo "2548"]
[BlackElo "2228"]

1.d4 g6 2.e4 Bg7 3.Nc3 d6 4.Be3 a6 5.h4 h5 6.Qd2 Nc6 7.Nf3 Nf6 8.d5 Na7 9.
Ng5 c5 10.a4 Ng4 11.Bf4 Qa5 12.f3 Ne5 13.Nd1 Qxd2+ 14.Bxd2 Bd7 15.a5 Nb5 
16.c3 O-O 17.Ne3 Rab8 18.Be2 Nc7 19.c4 f6 20.Nh3 Bh6 21.Nf1 Bxd2+ 22.Nxd2 
b5 23.axb6 Rxb6 24.b3 Ra8 25.Ra5 Nf7 26.Nf4 Kg7 27.Kf2 Nd8 28.g4 hxg4 29.
fxg4 e5 30.Nd3 Nb7 31.Raa1 a5 32.g5 fxg5 33.hxg5 Rh8 34.Rxh8 Kxh8 35.Ke3 
a4 36.bxa4 Na5 37.Rf1 Kg7 38.Rf6 Na6 39.Nxe5 Bxa4 40.Rxg6+ Kh7 41.Re6 Nb4 
42.g6+ Kg8 43.Ng4 Nc2+ 44.Kf4 Nd4 45.Re7 Nxe2+ 46.Kg5 Rb7 47.Nh6+ Kf8 48.
Rxb7 Nxb7 49.Kf6 1-0

[Event "Deltalift Open"]
[Site "Tylosand"]
[Date "2015.05.15"]
[Round "6.7"]
[White "Semcesen, Daniel"]
[Black "Tryggestad, Andreas Garberg"]
[Result "1-0"]
[WhiteElo "2475"]
[BlackElo "2077"]

1.d4 Nf6 2.c4 g6 3.Nc3 d5 4.Nf3 Bg7 5.Qb3 dxc4 6.Qxc4 O-O 7.e4 c6 8.Be2 b5
9.Qd3 Qa5 10.Nd2 Rd8 11.Nb3 Qb6 12.Qc2 Na6 13.O-O Bg4 14.Bxg4 Nxg4 15.h3 
Nf6 16.Be3 Qb7 17.a3 Rac8 18.Rac1 Nd7 19.Rfd1 e5 20.Kh1 exd4 21.Nxd4 Ne5 
22.b3 Qe7 23.Ncxb5 c5 24.Ne2 Rxd1+ 25.Rxd1 Rb8 26.Nec3 c4 27.b4 Rb7 28.Nd5
Qh4 29.Nd6 1-0

[Event "Deltalift Open"]
[Site "Tylosand"]
[Date "2015.05.15"]
[Round "6.8"]
[White "Lindh, Fredrik"]
[Black "Brynell, Stellan"]
[Result "0-1"]
[WhiteElo "2235"]
[BlackElo "2433"]

1.e4 e6 2.d4 d5 3.Nc3 Nf6 4.e5 Nfd7 5.f4 c5 6.Nf3 Nc6 7.Be3 cxd4 8.Nxd4 
Bc5 9.Qd2 O-O 10.O-O-O a6 11.Qf2 Qe7 12.Kb1 Nxd4 13.Bxd4 b5 14.Bd3 Bxd4 
15.Qxd4 Qc5 16.Ne2 b4 17.Rc1 Qxd4 18.Nxd4 Nc5 19.Nb3 Na4 20.Na5 Bd7 21.
Rhd1 Rfc8 22.Bf1 Rc7 23.Rd4 Rb8 24.g3 Kf8 25.Bd3 Ke7 26.f5 exf5 27.Rxd5 
Rc5 28.Rxc5 Nxc5 29.Bc4 Rc8 30.Rd1 Be6 31.Rd4 g5 32.Be2 Nd7 33.Bxa6 Rc5 
34.Nc4 Nxe5 35.Nxe5 Rxe5 36.b3 Re4 37.Rd2 f4 38.Bb7 Re1+ 39.Kb2 fxg3 40.
hxg3 Re3 41.Rd4 Rxg3 42.Rxb4 f5 43.a4 f4 44.Re4 Re3 45.a5 Rxe4 46.Bxe4 Bc8
47.Kc3 g4 48.Kd4 Kd6 49.c4 h5 50.b4 Kc7 51.b5 Bb7 52.b6+ Kb8 53.c5 Bxe4 
54.Kxe4 g3 55.Kf3 Kb7 56.Kg2 h4 0-1

[Event "Deltalift Open"]
[Site "Tylosand"]
[Date "2015.05.15"]
[Round "6.9"]
[White "Haugli, Petter"]
[Black "Bellon Lopez, Juan Manuel"]
[Result "1/2-1/2"]
[WhiteElo "2256"]
[BlackElo "2364"]

1.d4 Nf6 2.c4 c5 3.d5 a6 4.Qc2 e5 5.e4 d6 6.Nf3 Be7 7.Nc3 O-O 8.h3 Ne8 9.
Bd3 Nd7 10.Be3 g6 11.g4 Ng7 12.Bh6 Nf6 13.a3 Kh8 14.O-O-O Bd7 15.Rdg1 Ng8 
16.Bd2 Qc8 17.Ne1 b5 18.Nd1 bxc4 19.Bxc4 Rb8 20.f3 f5 21.Ne3 fxe4 22.fxe4 
Bg5 23.Rf1 Qb7 24.Rxf8 Rxf8 25.Rf1 Bf4 26.Bd3 Bb5 27.Nc4 Bxc4 28.Bxc4 
Bxd2+ 29.Qxd2 Rxf1 30.Bxf1 Nf6 31.Qf2 Qe7 32.Qf3 a5 33.Bb5 Kg8 34.Nc2 Nd7 
35.Bxd7 Qxd7 36.Ne3 Ne8 37.Qf1 Qd8 38.Nc4 a4 39.Qf2 Kg7 40.Kc2 Nc7 41.Kb1 
Nb5 42.Qc2 Qa8 43.g5 Qa6 44.Qf2 Nc3+ 45.bxc3 Qxc4 1/2-1/2

[Event "Deltalift Open"]
[Site "Tylosand"]
[Date "2015.05.15"]
[Round "6.10"]
[White "Lindahl, Emil"]
[Black "Lindgren, Philip"]
[Result "0-1"]
[WhiteElo "2171"]
[BlackElo "2346"]

1.d4 d5 2.c4 c6 3.Nf3 Nf6 4.Nc3 e6 5.Bg5 h6 6.Bxf6 Qxf6 7.e3 Nd7 8.Bd3 
dxc4 9.Bxc4 g6 10.O-O Bg7 11.e4 O-O 12.e5 Qe7 13.Qe2 b6 14.Rfe1 a6 15.a4 
Bb7 16.Rad1 b5 17.Ba2 c5 18.d5 c4 19.axb5 axb5 20.Bb1 exd5 21.Nxd5 Qc5 22.
Qe4 Rae8 23.e6 Rxe6 24.Ne7+ Qxe7 25.Qxb7 Ne5 26.Qxe7 Rxe7 27.Nd4 Rfe8 28.
Kf1 b4 29.Rc1 Nd3 30.Bxd3 cxd3 31.Nc6 Re2 32.Red1 d2 33.Rb1 b3 34.Na5 Bd4 
35.Nxb3 Rxf2+ 36.Kg1 Bb6 37.Kh1 Ree2 38.Rg1 f5 39.Rbf1 Rxf1 40.Rxf1 Be3 
41.g3 Re1 42.Nxd2 Bxd2 0-1

[Event "Deltalift Open"]
[Site "Tylosand"]
[Date "2015.05.15"]
[Round "6.11"]
[White "Dragicevic, Drazen"]
[Black "Gillefalk, Bjorn"]
[Result "1-0"]
[WhiteElo "2304"]
[BlackElo "2128"]

1.Nf3 Nf6 2.c4 e6 3.b3 d5 4.Bb2 c5 5.cxd5 exd5 6.g3 Be7 7.Bg2 O-O 8.O-O d4
9.b4 Qb6 10.Qb3 Nc6 11.bxc5 Bxc5 12.Qxb6 axb6 13.e3 Rd8 14.a3 Ra7 15.Rc1 
Be6 16.exd4 Nxd4 17.Nxd4 Bxd4 18.Bxd4 Rxd4 19.Ra2 Kf8 20.Rb2 Nd7 21.f4 Ke7
22.Nc3 Bc4 23.Rb4 1-0

[Event "Deltalift Open"]
[Site "Tylosand"]
[Date "2015.05.15"]
[Round "6.12"]
[White "Malmdin, Nils-Ake"]
[Black "Rydstrom, Tom"]
[Result "0-1"]
[WhiteElo "2129"]
[BlackElo "2291"]

1.e4 e5 2.Nf3 Nc6 3.Nc3 Nf6 4.a3 g6 5.Bc4 Bg7 6.d3 h6 7.h3 d6 8.Be3 Qe7 9.
Qe2 Be6 10.O-O-O a6 11.g4 b5 12.Bd5 Bxd5 13.exd5 b4 14.g5 hxg5 15.axb4 
Nxb4 16.Bxg5 Bh6 17.h4 Nbxd5 18.Nxd5 Nxd5 19.Qd2 Bxg5 20.hxg5 Rxh1 21.Rxh1
Kd7 22.Qe2 Qe6 23.Qe4 c6 24.d4 exd4 25.Qxe6+ Kxe6 26.Nxd4+ Kd7 27.Rh7 Rf8 
28.Ne2 c5 29.c4 Nb6 30.Nf4 Kc6 31.b3 d5 32.cxd5+ Nxd5 33.Nd3 Kd6 34.Kd2 
Nb4 35.Rh3 Nxd3 36.Rxd3+ Ke6 37.Rf3 f6 38.Kc3 f5 39.Re3+ Kd6 40.f4 Rh8 41.
Rd3+ Kc6 42.Re3 Kd5 43.Re5+ Kd6 44.Re3 Rh4 45.Rf3 Kd5 46.Rd3+ Kc6 47.Rf3 
Kb5 48.Kb2 Kb4 49.Ka2 a5 50.Kb2 Rh2+ 51.Kb1 Re2 52.Kc1 Rg2 53.Kb1 a4 54.
bxa4 Kxa4 55.Re3 c4 56.Re6 Kb3 57.Rb6+ Kc3 58.Rxg6 Kd2 59.Rd6+ Ke3 60.Rc6 
Kxf4 61.Rxc4+ Kxg5 62.Kc1 Re2 63.Kd1 Re8 64.Rc2 Kg4 65.Rg2+ Kf3 66.Rg7 f4 
67.Rg6 Kf2 68.Kd2 f3 69.Kd3 Kf1 70.Kd2 f2 71.Kd1 Rd8+ 72.Kc2 Rd5 73.Kc1 
Ke2 74.Re6+ Kf3 75.Rf6+ Ke3 76.Kc2 Rd4 0-1

[Event "Deltalift Open"]
[Site "Tylosand"]
[Date "2015.05.15"]
[Round "6.13"]
[White "Drugge, Patrik"]
[Black "Fries-Nielsen, Jens Ove"]
[Result "0-1"]
[WhiteElo "2171"]
[BlackElo "2459"]

1.e4 d5 2.exd5 Qxd5 3.Nc3 Qd8 4.Nf3 g6 5.Bc4 Bg7 6.O-O c5 7.d3 Nf6 8.Be3 
Nbd7 9.h3 O-O 10.Qd2 b6 11.Bh6 Bb7 12.Bxg7 Kxg7 13.Qe3 Bxf3 14.Qxf3 Ne5 
15.Qe2 Nc6 16.Rac1 e6 17.Rfe1 Qc7 18.Ne4 Nh5 19.c3 h6 20.a3 Rad8 21.b4 
cxb4 22.axb4 Nf4 23.Qf3 f5 24.Ng3 Rf6 25.d4 Ne7 26.Bb3 g5 27.Nh5+ Nxh5 28.
Qxh5 Ng6 29.Qf3 Nf4 30.Re5 Rxd4 31.Rc5 bxc5 32.cxd4 c4 33.Rxc4 Qd7 34.Qe3 
Kg6 35.Qe5 Qb7 36.f3 Nd3 37.Qd6 Qb6 38.Qxb6 axb6 39.Rc6 e5 40.Rxf6+ Kxf6 
41.dxe5+ Kxe5 42.b5 Kd4 43.Be6 f4 44.h4 gxh4 45.Kh2 Ne1 46.Kh3 Ke3 47.Kh2 
Kf2 48.Kh3 Nxg2 49.Bd5 Ne1 50.Kxh4 Ke3 51.Kg4 Nxf3 0-1

[Event "Deltalift Open"]
[Site "Tylosand"]
[Date "2015.05.15"]
[Round "6.14"]
[White "Jepson, Christian"]
[Black "Sigeman, Johan"]
[Result "1-0"]
[WhiteElo "2417"]
[BlackElo "2147"]

1.e4 e5 2.Nf3 Nc6 3.Bb5 a6 4.Bxc6 dxc6 5.O-O Ne7 6.Nxe5 Qd4 7.Qh5 g6 8.Qg5
Bg7 9.Nf3 Qxe4 10.Re1 Qb4 11.b3 h6 12.Qe3 Be6 13.Ba3 Qa5 14.c3 Nf5 15.Qe2 
O-O-O 16.d4 Qd5 17.Nbd2 Rhe8 18.Nc4 Bd7 19.Qd3 c5 20.Bxc5 Bc6 21.Rxe8 Bxe8
22.Qc2 Bc6 23.Re1 Kb8 24.Nce5 Bxe5 25.Rxe5 Qd7 26.Ne1 b6 27.Ba3 Bb7 28.Bc1
Qc6 29.Bf4 Ka7 30.Qd2 f6 31.Re2 g5 32.Bg3 h5 33.Qd3 Nxg3 34.fxg3 Re8 35.
Rxe8 Qxe8 36.Kf2 Qe6 37.Nf3 a5 38.c4 Be4 39.Qe2 Qf5 40.Ke3 Bb7 41.d5 c6 
42.dxc6 Bxc6 43.Qd3 Qc5+ 44.Qd4 Qe7+ 45.Kf2 Kb7 46.h4 g4 47.Ne1 Qe6 48.Nd3
Qf5+ 49.Kg1 Be4 50.Nf4 Bc6 51.Qb2 Kc7 52.a3 Kb7 53.b4 axb4 54.axb4 Kc7 55.
Kh2 Kb7 56.Qe2 1-0

[Event "Deltalift Open"]
[Site "Tylosand"]
[Date "2015.05.15"]
[Round "6.15"]
[White "Sagit, Rauan"]
[Black "Mardell, Jimmy"]
[Result "1-0"]
[WhiteElo "2360"]
[BlackElo "2145"]

1.Nf3 Nf6 2.g3 c5 3.Bg2 Nc6 4.c4 d5 5.cxd5 Nxd5 6.Nc3 Nc7 7.O-O e5 8.d3 
Be7 9.Be3 O-O 10.Rc1 Bd7 11.Nd2 Rc8 12.Nc4 f6 13.a4 b6 14.Ne4 Be8 15.a5 
Nd5 16.axb6 Nxe3 17.fxe3 axb6 18.Qb3 Bf7 19.Qxb6 Qd7 20.Qb5 Rfd8 21.Nb6 
Rb8 22.Nxd7 Rxb5 23.Ndxc5 Rxb2 24.Na4 Rb4 25.Rxc6 Rxa4 26.Rc7 Bf8 27.Rfc1 
Ra2 28.Bf3 h6 29.Rc8 Rxc8 30.Rxc8 Be6 31.Rb8 Rc2 32.d4 Bh3 33.g4 exd4 34.
exd4 f5 35.Ng3 Rc1+ 36.Kf2 f4 37.Bd5+ Kh7 38.Rxf8 g5 39.Bf3 fxg3+ 40.Kxg3 
Kg7 41.Ra8 Bf1 42.Ra7+ Kh8 43.d5 1-0

[Event "Deltalift Open"]
[Site "Tylosand"]
[Date "2015.05.15"]
[Round "6.16"]
[White "Fries-Nielsen, Niels Jorgen"]
[Black "Karlsson, Jorgen"]
[Result "1/2-1/2"]
[WhiteElo "2343"]
[BlackElo "2161"]

1.e4 g6 2.d4 Bg7 3.c3 d6 4.Be3 Nc6 5.f3 e5 6.dxe5 dxe5 7.Na3 Qxd1+ 8.Rxd1 
a6 9.Bc4 Nf6 10.g4 O-O 11.g5 Nh5 12.Ne2 Bh3 13.Kf2 h6 14.Ng1 Bc8 15.h4 
hxg5 16.hxg5 Rd8 17.Ne2 Be6 18.Bxe6 fxe6 19.Nc2 Bf8 20.Kg2 Be7 21.Kh3 Rf8 
22.Rhf1 Rf7 23.Rd7 Rc8 24.Kg4 Nb8 25.Rdd1 Bd6 26.Ne1 Rcf8 27.Nd3 Nd7 28.
Ng3 Nf4 29.Bxf4 exf4 30.Ne2 e5 31.Rh1 Rh7 32.Rxh7 Kxh7 33.c4 Kg7 34.Rh1 
Rd8 35.b4 c6 36.c5 Bc7 37.Rd1 Nf8 38.Nb2 Rxd1 39.Nxd1 a5 40.a3 axb4 41.
axb4 b6 42.Nb2 bxc5 43.bxc5 Kf7 44.Nd3 Ke6 45.Nc3 Kd7 46.Na2 Kc8 47.Nab4 
Kb7 48.Kh3 Nd7 49.Nd5 cxd5 50.exd5 Kc8 51.d6 Bb8 52.c6 Nf8 53.c7 Bxc7 54.
dxc7 Nd7 55.Ne1 Kxc7 56.Ng2 Kd6 57.Nh4 Nf8 58.Kg2 Ke6 59.Kh3 Kd5 60.Kg2 
Ke6 61.Kh3 Kf7 62.Ng2 Ne6 63.Kg4 Nd4 64.Ne1 Nf5 65.Nd3 Ne3+ 66.Kh3 Ke6 67.
Nf2 Kf5 68.Ne4 Nc4 69.Kh4 Ke6 70.Nc5+ Kf5 71.Ne4 Ne3 72.Nd6+ Ke6 73.Ne4 
Nc4 74.Kg4 Kd5 75.Kh3 Nd6 76.Nf6+ Kd4 77.Kg4 Ke3 78.Nd5+ Kf2 79.Ne7 Nc4 
80.Nxg6 Ne3+ 81.Kh3 Kxf3 82.Nxe5+ Ke4 83.g6 Nf5 84.Nf7 Ng7 85.Kg4 f3 86.
Ng5+ Ke5 87.Nxf3+ Kf6 88.Nh4 Ne6 89.Kh5 Nf8 90.Kg4 Nxg6 91.Nxg6 Kxg6 
1/2-1/2

[Event "Deltalift Open"]
[Site "Tylosand"]
[Date "2015.05.15"]
[Round "6.17"]
[White "Akesson, Joel"]
[Black "Djurhuus, Eivind X"]
[Result "0-1"]
[WhiteElo "2294"]
[BlackElo "2142"]

1.c4 c5 2.g3 Nf6 3.Bg2 g6 4.Nc3 Bg7 5.a3 Nc6 6.Rb1 a5 7.Nh3 O-O 8.Nf4 d6 
9.O-O Bd7 10.d3 Ne8 11.Nb5 Rb8 12.Nd5 e6 13.Ndc3 Nd4 14.Nxd4 cxd4 15.Nb5 
d5 16.b3 dxc4 17.bxc4 Nc7 18.a4 Nxb5 19.axb5 Re8 20.Ba3 Bf8 21.Qc1 b6 22.
Bxf8 Rxf8 23.Qf4 Be8 24.Rfc1 f6 25.Qd2 Qc7 26.Qb2 Qc5 27.Ra1 e5 28.Qa3 Rc8
29.Bd5+ Kg7 30.Be6 Qxa3 31.Rxa3 Rc5 32.Raa1 f5 33.e4 fxe4 34.dxe4 Bf7 35.
Bxf7 Rxf7 36.Ra2 g5 37.h3 h5 38.Kg2 h4 39.Rac2 Kg6 40.Rd1 Rfc7 41.Rdc1 a4 
42.Kf3 a3 43.Ke2 Ra7 44.Ra2 Ra4 45.Kd3 g4 46.gxh4 gxh3 47.f4 exf4 48.Kxd4 
Kh5 49.e5 Kg6 50.h5+ Kxh5 51.e6 Kg6 52.Re2 Rc8 53.e7 Kf7 54.Kd5 a2 55.Ree1
Ra3 56.c5 bxc5 57.b6 Rd3+ 58.Ke5 Kxe7 59.b7 Rb8 60.Kxf4+ Kd6 61.Red1 Rxd1 
62.Rxd1+ Kc6 63.Ra1 h2 64.Kg3 Rxb7 65.Kxh2 Rb2+ 66.Kg3 Kb5 67.Kf3 Kb4 0-1

[Event "Deltalift Open"]
[Site "Tylosand"]
[Date "2015.05.15"]
[Round "6.18"]
[White "Mattsson, Michael"]
[Black "Lind, Jan-Olov"]
[Result "0-1"]
[WhiteElo "2045"]
[BlackElo "2245"]

1.e4 c5 2.Nf3 g6 3.Bc4 Bg7 4.h4 h5 5.Nc3 Nc6 6.d3 Nf6 7.Bf4 Ng4 8.Qd2 a6 
9.a4 d6 10.Ng5 e6 11.O-O Nd4 12.a5 Ne5 13.Na4 f6 14.Bxe5 dxe5 15.Nb6 fxg5 
16.Nxa8 gxh4 17.c3 Bh6 18.Qd1 Nc6 19.Nb6 O-O 20.Qb3 Rf6 21.Qa3 Bf8 22.Rae1
g5 23.f3 Bd7 24.Qa2 Kg7 25.Ra1 Bd6 26.Nxd7 Qxd7 27.Qa4 Be7 28.Qa3 Qd6 29.
Qb3 Qd7 30.Qb6 Nd8 31.Rad1 Nc6 32.Ra1 Bd6 33.Rf2 Bb8 34.Qb3 Ba7 35.Qa2 Bb8
36.Qb3 Qc8 37.Qa3 Bc7 38.b4 cxb4 39.cxb4 Bd6 40.Rb1 Qf8 41.Rfb2 Bb8 42.Qa4
Ba7+ 43.Kh2 Rxf3 44.Qd1 Qf4+ 45.Kh1 Rg3 46.Qf1 h3 47.Qxf4 exf4 48.Bxe6 Nd4
49.Bc8 g4 50.e5 hxg2+ 51.Rxg2 Rxd3 52.Bxg4 hxg4 53.Rxg4+ Kf7 54.Rxf4+ Ke6 
55.Re1 Nf5 56.Kg2 Rg3+ 57.Kh2 Rg7 58.Kh3 Bd4 59.b5 axb5 60.Ree4 Bc5 61.Re1
Rg3+ 62.Kh2 Rc3 63.Rg4 Rc2+ 64.Kh3 Ne7 65.Rh4 Rc3+ 66.Kg2 Nf5 67.Rh7 Be7 
68.Ra1 Rc6 69.Rb1 b4 70.Kf3 Rc3+ 71.Ke4 b3 72.Rg1 Ng3+ 73.Rxg3 Rxg3 74.
Rh6+ Kd7 75.Rb6 Kc7 76.Kd4 Ba3 77.e6 Be7 78.Kc4 Re3 79.Kd4 Re1 80.Kc3 Rc1+
81.Kb2 Rc5 82.Rxb3 Rxa5 83.Rd3 Bd6 84.Rf3 Re5 85.Rf7+ Kc6 86.Rf6 Be7 87.
Rh6 Kd6 0-1

[Event "Deltalift Open"]
[Site "Tylosand"]
[Date "2015.05.15"]
[Round "6.19"]
[White "Wallin, Dennis"]
[Black "Andersson, Bjorn"]
[Result "1-0"]
[WhiteElo "2142"]
[BlackElo "2209"]

1.Nf3 c5 2.c4 Nc6 3.g3 d6 4.Bg2 Bd7 5.O-O Qc8 6.d4 cxd4 7.Nxd4 g6 8.Nc3 
Bg7 9.Nxc6 bxc6 10.e4 Bh3 11.c5 dxc5 12.Qa4 Bxg2 13.Kxg2 h5 14.h4 Bd4 15.
Ne2 e5 16.Nxd4 cxd4 17.Bg5 Qd7 18.Rac1 Rc8 19.Rc5 f6 20.Bd2 Ne7 21.Qc4 Rf8
22.f4 Qg4 23.Rf3 g5 24.hxg5 h4 25.Qd3 Ng6 26.gxf6 Rxf6 27.f5 h3+ 28.Kh2 
Rb8 29.b3 Kd7 30.Rf1 Kd6 31.Ra5 Ne7 32.Rxe5 c5 33.Bf4 Kd7 34.Rxe7+ 1-0

[Event "Deltalift Open"]
[Site "Tylosand"]
[Date "2015.05.15"]
[Round "6.20"]
[White "Holst, Conny"]
[Black "Svensson, Anders 1971"]
[Result "1-0"]
[WhiteElo "2183"]
[BlackElo "2130"]

1.d4 Nf6 2.c4 g6 3.Nc3 Bg7 4.e4 d6 5.Be2 O-O 6.Nf3 e5 7.O-O exd4 8.Nxd4 c6
9.Be3 Re8 10.f3 d5 11.cxd5 cxd5 12.Qb3 Nc6 13.Rad1 Qa5 14.exd5 Nb4 15.Bf2 
Nbxd5 16.Bc4 Rd8 17.Nxd5 Nxd5 18.Nb5 Nf4 19.Qa3 Qxa3 20.Rxd8+ 1-0

[Event "Deltalift Open"]
[Site "Tylosand"]
[Date "2015.05.15"]
[Round "6.21"]
[White "Persson, Anders"]
[Black "Backman, Andreas"]
[Result "1/2-1/2"]
[WhiteElo "1984"]
[BlackElo "2177"]

1.d4 Nf6 2.c4 c5 3.d5 b5 4.cxb5 a6 5.b6 g6 6.Nc3 Bg7 7.e4 O-O 8.Nf3 d6 9.
Nd2 Nbd7 10.a4 Nxb6 11.a5 Nbd7 12.Nc4 Ne8 13.Bf4 Rb8 14.Qc2 f5 15.exf5 
Rxf5 16.Bg3 Ne5 17.Ne3 Rf8 18.Be2 c4 19.O-O Bf5 20.Nxf5 Rxf5 21.Rfb1 Qc7 
22.Ra4 Qc5 23.Bf1 Nd3 24.Rxc4 Qxc4 25.Bxd3 Qb4 1/2-1/2

[Event "Deltalift Open"]
[Site "Tylosand"]
[Date "2015.05.15"]
[Round "6.22"]
[White "Eriksson, Kristian"]
[Black "Risting, Eivind Olav"]
[Result "1-0"]
[WhiteElo "2177"]
[BlackElo "2121"]

1.e4 e6 2.d4 d5 3.e5 c5 4.Nf3 cxd4 5.Bd3 Nd7 6.O-O Ne7 7.Re1 Nc6 8.Nbd2 
Be7 9.Nb3 Qb6 10.a4 a6 11.Bf4 O-O 12.a5 Qc7 13.Nfxd4 Nxd4 14.Nxd4 Nc5 15.
Bxh7+ Kxh7 16.Qh5+ Kg8 17.Ra3 f5 18.Rh3 Bd7 19.Qh7+ Kf7 20.Nxf5 exf5 21.
e6+ Bxe6 22.Qh5+ Kg8 23.Bxc7 Ne4 24.Be5 Rac8 25.Qh7+ Kf7 26.Qxg7+ Ke8 27.
c3 Rg8 28.Rh8 Kd7 29.Rxg8 Rxg8 30.Qh6 Ng5 31.Kh1 Ne4 32.Bd4 1-0

[Event "Deltalift Open"]
[Site "Tylosand"]
[Date "2015.05.15"]
[Round "6.23"]
[White "Pantzar, Milton"]
[Black "Ziegler, Ari"]
[Result "1/2-1/2"]
[WhiteElo "2081"]
[BlackElo "2305"]

1.d4 Nf6 2.c4 g6 3.Nc3 Bg7 4.e4 d6 5.f3 O-O 6.Be3 c5 7.dxc5 dxc5 8.Qxd8 
Rxd8 9.Bxc5 Nc6 10.Nge2 Nd7 11.Ba3 Nde5 12.Nf4 e6 13.Be2 Bh6 14.g3 Nd4 15.
Rd1 Nc2+ 16.Kf2 Rxd1 17.Rxd1 Nxa3 18.bxa3 Bf8 19.a4 Be7 20.Ng2 Kf8 21.Ne1 
a6 22.Nc2 Ke8 23.Rb1 Nc6 24.f4 Na5 25.Ne3 Bd7 26.e5 Rc8 27.Bf3 Rc7 28.Ke2 
Kd8 29.Kd3 Bc5 30.Ng4 Kc8 31.Nf6 h5 32.Nxd7 Rxd7+ 33.Ke2 Nxc4 34.Ne4 Ba3 
35.Rb3 Rc7 36.Nd2 Nxd2 37.Kxd2 Bc5 38.h3 a5 39.Be4 b6 40.Kd3 Rd7+ 41.Ke2 
Rd4 42.Bc2 h4 43.Rd3 Rb4 44.Kf3 Rb2 45.Bb3 Rh2 46.Kg4 hxg3 47.Rxg3 Kd7 48.
Kg5 Ke7 49.Kg4 Kf8 50.Rd3 Rg2+ 51.Rg3 Rd2 52.h4 Rd4 53.Rc3 Kg7 54.Rc4 Rd2 
55.Rc3 Kh6 56.Rc2 Rd3 57.Rh2 Rd4 58.Rc2 Rd1 59.Rc3 Rd2 60.Rc2 Rd3 61.Rh2 
Bb4 62.h5 gxh5+ 63.Rxh5+ Kg7 64.Rh3 Rd4 65.Rf3 Be1 66.Kg5 Bd2 67.Bc2 Rc4 
68.Bb3 Rd4 69.Bc2 Kf8 70.Bb3 Ke7 71.Bc2 Bc1 72.Rf1 Be3 73.Rf3 Bd2 74.Bb3 
Rd8 75.Kg4 Rg8+ 76.Kh3 Rh8+ 77.Kg2 Rg8+ 78.Kh3 Rh8+ 79.Kg2 f5 80.exf6+ 
Kxf6 81.Rh3 Rxh3 82.Kxh3 Bxf4 83.Kg4 Bh6 84.Kf3 Ke5 85.Ke2 Kd6 86.Bc4 e5 
87.Bb5 e4 88.Be8 Kc5 1/2-1/2

[Event "Deltalift Open"]
[Site "Tylosand"]
[Date "2015.05.15"]
[Round "6.25"]
[White "Hansen, Lars"]
[Black "Forsberg, Timmy"]
[Result "0-1"]
[WhiteElo "2239"]
[BlackElo "2045"]

1.d4 d5 2.c4 dxc4 3.Nf3 Nf6 4.e3 e6 5.Bxc4 c5 6.O-O a6 7.Qe2 b5 8.Bb3 Bb7 
9.Rd1 Nbd7 10.Nc3 Qb8 11.e4 cxd4 12.Nxd4 Bd6 13.e5 Bxe5 14.Nxe6 fxe6 15.f4
Bxf4 16.Qxe6+ Kd8 17.Bxf4 Qxf4 18.Rac1 Re8 19.Qb6+ Qc7 20.Qd4 Qc6 21.Nd5 
Qd6 22.Qh4 Re2 23.Nf4 Qb6+ 24.Kh1 Re5 25.Qg3 Ne4 26.Rxd7+ Kxd7 27.Qxg7+ 
Kd8 28.Qg8+ Re8 29.Ne6+ Qxe6 30.Bxe6 Rxg8 31.Bxg8 Nf6 32.Be6 Be4 33.Kg1 
Ra7 34.Rc8+ Ke7 35.Bh3 Bd5 36.b3 Be6 37.Bxe6 Kxe6 38.Rc6+ Ke5 39.Kf2 Nd5 
40.g3 Nb4 0-1